000 00287nam a22001337a 4500
008 180912b xxu||||| |||| 00| 0 eng d
020 _a9780716748939
041 _aeng
080 _a510
100 _a36
101 _aMAT
245 _aLinear Algebra
_cCarlen, E.A
942 _2udc
_cBK
999 _c47722
_d47722